| LEADER |
01353nam0a2200217 450 |
| 001 |
16820374 |
| 010 |
|
|
|a 978-2-330-03711-6
|b br.
|d 23,5
|
| 100 |
|
|
|a 20141114d2026 u u0frey01 ba
|
| 101 |
1 |
|
|a fre
|c swe
|
| 102 |
|
|
|a FR
|
| 200 |
0 |
|
|a marchand de sable (Le)
|e roman
|f Lars Kepler
|g traduit du suédois par Lena Grumbach
|
| 207 |
|
1 |
|a
|
| 210 |
|
|
|a Arles
|b 43-47 Rue du docteur Fanton. - Passage du Méjan
|c Actes Sud
|d impr. 2014
|
| 215 |
|
|
|a 1 vol. (515 p.)
|c couv. ill. en coul.
|d 24 cm
|
| 225 |
1 |
|
|a Actes noirs
|
| 330 |
|
|
|a Une froide nuit d hiver à Stockholm. Un jeune homme est retrouvé déambulant le long d une voie ferrée. Il souffre d hypothermie et à l hôpital on découvre qu il a également contracté la maladie du légionnaire. Il s agit d un garçon disparu depuis de très nombreuses années. L une des dernières victimes supposées du tueur en série Jurek Walter. Mais qu en est-il de sa petite s ur, disparue en même temps que lui à l époque ? Le temps presse et il sera enfin temps pour Joona Linna de se confronter à l homme qui a détruit sa vie...
|
| 700 |
|
0 |
|a Kepler
|b Lars
|c Auteur du texte
|4 70
|
| 702 |
|
0 |
|a Grumbach
|b Lena
|f 1950-....
|4 730
|
| 900 |
|
|
|a Roman Policier
|
| 901 |
|
|
|a Réserve
|
| 995 |
|
|
|a Bibliothèque
|c Bibliothèque
|f 024015430
|h 024015430
|k RP KEP
|o p
|q a
|r az
|u Vérifier la pastille sur la cote
|e Bibliothèque
|